000
00258nam a22001217a 4500
082
_a
894.812.3
_b
54A/A
100
_a
SHAKESPEAR,WILLIAM
245
_a
ROMEO AND JULIET
260
_a
THRISSUR
_b
H&C
_c
2012
300
_a
48
650
_a
STORY
_z
KERALA
942
_c
BK
999
_c
1808
_d
1808